Regional planning guidance - towards a stronger approach to the environment? (Record no. 66863)
[ view plain ]
| 000 -LEADER | |
|---|---|
| fixed length control field | 01286cam a2200265 4500 |
| 001 - CONTROL NUMBER | |
| control field | ABS63896 |
| 008 - FIXED-LENGTH DATA ELEMENTS--GENERAL INFORMATION | |
| fixed length control field | 000000n2001 000 0 eng u |
| 035 ## - SYSTEM CONTROL NUMBER | |
| System control number | (Sirsi) u112330 |
| 100 ## - MAIN ENTRY--PERSONAL NAME | |
| Personal name | Bruff, G. |
| 245 ## - TITLE STATEMENT | |
| Title | Regional planning guidance - towards a stronger approach to the environment? |
| 260 ## - PUBLICATION, DISTRIBUTION, ETC. | |
| Date of publication, distribution, etc. | 2001 |
| 490 ## - SERIES STATEMENT | |
| Series statement | Town & Country Planning |
| Volume/sequential designation | 70(3) March 2001, 70(3) |
| 520 ## - SUMMARY, ETC. | |
| Summary, etc. | Reviews the panel report for the first six public regional planning guidance public examinations. Mentions the reports for different regions and puts forward tentative conclusions. These tend to reflect the differences in the regions with the examination panels in the more prosperous areas supporting the case for increased proposed levels of housing development while in less affluent areas the reverse is the case. With tables showing public examinations of RPG to date, proposed housing numbers by region and targets for development. |
| 590 ## - LOCAL NOTE (RLIN) | |
| Local note | ABS |
| 650 ## - SUBJECT ADDED ENTRY--TOPICAL TERM | |
| Topical term or geographic name entry element | REGIONAL PLANNING GUIDANCE |
| 650 ## - SUBJECT ADDED ENTRY--TOPICAL TERM | |
| Topical term or geographic name entry element | EAST ANGLIA |
| 650 ## - SUBJECT ADDED ENTRY--TOPICAL TERM | |
| Topical term or geographic name entry element | SOUTH EAST |
| 650 ## - SUBJECT ADDED ENTRY--TOPICAL TERM | |
| Topical term or geographic name entry element | SOUTH WEST |
| 650 ## - SUBJECT ADDED ENTRY--TOPICAL TERM | |
| Topical term or geographic name entry element | EAST MIDLANDS |
| 650 ## - SUBJECT ADDED ENTRY--TOPICAL TERM | |
| Topical term or geographic name entry element | NORTH EAST |
| 650 ## - SUBJECT ADDED ENTRY--TOPICAL TERM | |
| Topical term or geographic name entry element | YORKSHIRE AND HUMBERSIDE |
| 690 ## - LOCAL SUBJECT ADDED ENTRY--TOPICAL TERM (OCLC, RLIN) | |
| Topical term or geographic name as entry element | ENVIRONMENTAL AND LAND CONSULTANCY-PLANNING AND DEVELOPMENT |
| 700 ## - ADDED ENTRY--PERSONAL NAME | |
| Personal name | Counsell, D. |
| 942 ## - ADDED ENTRY ELEMENTS (KOHA) | |
| Suppress in OPAC | 0 |
| Withdrawn status | Lost status | Source of classification or shelving scheme | Damaged status | Not for loan | Home library | Current library | Shelving location | Date acquired | Total Checkouts | Full call number | Barcode | Date last seen | Copy number | Price effective from | Koha item type |
|---|---|---|---|---|---|---|---|---|---|---|---|---|---|---|---|
| Dewey Decimal Classification | London | London | Journal article | 01/05/2001 | ABS63896 | 112330-1001 | 06/08/2019 | 1 | 06/08/2019 | Journal article |